Natureza Humana e Educação (Registo nº 1132)
[ vista simples ]
| 000 -Etiqueta do registo | |
|---|---|
| Valores | 00523nam a22001691i 4500 |
| 090 ## - | |
| -- | 1132 |
| 100 ## - Dados gerais de processamento | |
| Dados gerais | 20170304u u u0frey50 ba |
| 200 1# - Titulo e menção de responsabilidade | |
| Primeira menção de responsabilidade | Alberto Merani |
| Título próprio | Natureza Humana e Educação |
| 215 ## - Descrição física | |
| Paginação / Volumes | 189p |
| Dimensões | '21 cm' |
| 210 ## - Publicação | |
| Nome do editor | Notícias |
| Local de publicação | Lisboa |
| Data de publicação | 1978 |
| 225 2# - Colecção | |
| Título próprio da colecção | Pedagogia |
| Indicação de volume | 7 |
| 410 #0 - | |
| -- | Pedagogia |
| 700 #1 - Autor principal (pessoa individual) | |
| Apelido | Merani |
| Nome | Alberto |
| -- | 070 |
| 701 #1 - Co-autor principal (pessoa individual) | |
| Apelido | Santos Leonor |
| -- | 730 |
| 996 ## - ISO2709 | |
| -- | 0001228 |
| -- | MER |
| -- | 00000000 |
| -- | 00000000 |
| -- | BMVA |
| -- | 1 |
| -- | Viana do Alentejo |
| -- | Educação. Ensino. Pedagogia |
| -- | 21 |
| -- | Livro |
| -- | 0 |
| -- | 1 |
| 990 ## - Elementos KOHA | |
| Tipo de documento | Livro |
| Situação do levantamento | Estado | Biblioteca de origem | Biblioteca de empréstimo | Código de barras | Cota | Permissão de empréstimo | Tipo de documento | Nota relativa ao exemplar |
|---|---|---|---|---|---|---|---|---|
| Completo | Biblioteca Municipal de Viana Do Alentejo | Biblioteca Municipal de Viana Do Alentejo | 0001231 | 159.9 MER | Disponível | Livro | Em depósito caixa 34 VNT |